| 000 | 00851cam a22002531 4500 | ||
|---|---|---|---|
| 999 |
_c234244 _d234244 |
||
| 001 | 4530344 | ||
| 003 | Nust | ||
| 005 | 20170316135020.0 | ||
| 008 | 820527s1960 nyua b 000 0 eng | ||
| 010 | _a 60006452 | ||
| 020 | _a81-265-0820-5 | ||
| 040 | _cASAB | ||
| 050 | 0 | 0 |
_aQK641 _b.E8 |
| 051 |
_aQK641 _b.E8 Guide |
||
| 082 | 0 | 0 | _a581.4 |
| 100 | 1 |
_aEsau, Katherine, _d1898-1997. |
|
| 245 | 1 | 0 | _aAnatomy of seed plants. |
| 250 | _a2nd edition | ||
| 260 |
_aNew York, _bWiley _c[1960] |
||
| 300 |
_axvi, 376 p. _billus. _c24 cm. |
||
| 500 | _aSupplemented by: Laboratory guide in plant anatomy (3 l., 29 p. ; 28 cm.) published : New York : Wiley, 1960. Call no. QK641.E8 Guide | ||
| 504 | _aIncludes bibliographies. | ||
| 650 | 0 | _aPlant anatomy. | |
| 650 | 0 | _aPhanerogams. | |
| 906 |
_a7 _bcbc _corignew _du _eocip _f19 _gy-gencatlg |
||
| 942 |
_2ddc _cBK |
||